000 00699nam a2200193Ia 4500
008 151121s9999||||xx |||||||||||||| ||und||
082 _a801/ढवळे
082 _bHNW-52343
100 _aढवळे वि। ना।
245 _aसाहित्याचे तत्वज्ञान
260 _b"कॉन्टिनेंन्टल प्रकाशन,पुणे।"
260 _c--
300 _a404
600 _aढवळे वि। ना।
630 _aसाहित्याचे तत्वज्ञान
700 _aढवळे वि। ना।
730 _aसाहित्याचे तत्वज्ञान
942 _cBOOK
999 _c1236449
_d1236446